In the Court of Public Opinion Winning Strategies for Litigation Communications, Third Edition /

Detalles Bibliográficos
Autor principal: Haggerty, James F.
Formato: eBook
Lenguaje:inglés
Publicado: Chicago: American Bar Association, 2019
Materias:
Acceso en línea:Acceso restringido

MARC

LEADER 00000nam a22000007a 4500
005 20210224220620.0
007 cr|||| ||||
008 210224s2019 us |||||s|||| 00||0 eng d
020 |a 9781641054713 
035 |a 31231 
040 |a vLex 
090 |c 11258  |d 11258 
100 1 |a Haggerty, James F. 
245 1 5 |a In the Court of Public Opinion  |h [Recurso electrn̤ico] :  |b Winning Strategies for Litigation Communications, Third Edition /  |c James F. Haggerty 
256 |a Servicio en ln̕ea 
260 |a Chicago:  |b American Bar Association,  |c 2019 
300 |a 1 recurso electrn̤ico 
500 |a This book is your essential guide to understanding how public relations during lawsuits should be handled with the same seriousness and care as any other aspect of the case. 
506 1 |a Disponible solo en los productos indicados  |d vLex Global  |d vLex Global (Academic Edition, excluding Law Schools)  |d vLex Global (Academic Edition, Law Schools) 
650 0 4 |a Abogados  |z Estados Unidos 
650 0 4 |a Derecho Civil  |z Estados Unidos 
740 0 |a vLex Libros (Servicio en ln̕ea) 
856 4 0 |u http://vlex.com/source/the-court-of-public-opinion-winning-strategies-for-litigation-communications-third-edition-31231  |z Acceso restringido 
942 |c BOOK 
999 0 |a Lawyers 
999 0 |a Civil Law